| 000 | 00507nam a22001817a 4500 | ||
|---|---|---|---|
| 008 | 131004b xxu||||| |||| 00| 0 alb d | ||
| 041 | 0 | _aalb | |
| 080 | _a004 | ||
| 100 | 1 | _aSkenderi, Skender | |
| 245 | 1 | 0 |
_aMicrosoft Office Project 03 Profesional _cSkenderi, Skender |
| 260 |
_aPrishtine _bPrinting Press _c2005 |
||
| 300 |
_a156 f. _bilustr. _c24 cm |
||
| 500 | _aParathenie [III]-IV | ||
| 650 | 0 | _aKompjuterat | |
| 650 | 0 | _aKompjuterat-Programimi-Softueri | |
| 700 | 1 | _aSkenderi, Besnik | |
| 942 |
_2udc _cBK |
||
| 999 |
_c27 _d27 |
||